000
00304nam a22001337a 4500
008
170602b xxu||||| |||| 00| 0 eng d
020
_a
t 6547
041
_a
eng
080
_a
94(7/8)
100
_a
17
101
_a
SHH
245
_a
AMERICA LAND OF BEAUTY AND SPLENDOR
_c
DOBELIS,I.N
942
_2
udc
_c
BK
999
_c
15794
_d
15794